Country by City "Z" - Statistics

General Stats
  • This quiz has been taken 82 times
  • The average score is 9 of 12
Answer Stats
City Country % Correct
Zhengzhou China
98%
Zurich Switzerland
98%
Zagreb Croatia
95%
Zaragoza Spain
87%
Zhukovsky Russia
86%
Zanzibar Tanzania
83%
Zwolle Netherlands
63%
Zaporizhia Ukraine
56%
Zapopan Mexico
51%
Zakopane Poland
51%
Zahedan Iran
48%
Zamboanga City Philippines
41%
No matching quizzes found
Score Distribution
Percent of People with Each Score
Percentile by Number Answered
Your Score History
You have not taken this quiz